| 000 | 00586nam a2200193 i 4500 | ||
|---|---|---|---|
| 001 | 104727 | ||
| 003 | ES-MaACL | ||
| 005 | 20230906183656.0 | ||
| 007 | t| | ||
| 008 | 051212s1957 sp ||||1| spa d | ||
| 080 | _a811.134.2'36 | ||
| 100 | 1 |
_aMiranda Podadera, Luis. _981556 |
|
| 245 | 1 | 0 |
_aCuestiones gramaticales _b: planteamiento, examen... / _cLuis Miranda Podadera. |
| 250 | _a3ª ed. con comentarios... | ||
| 260 |
_aMadrid : _bHernando, _c1957. |
||
| 300 |
_a235 p. ; _c19 cm. |
||
| 650 | 4 |
_aLengua española- _xGramática. _914161 |
|
| 852 |
_aES-MaACL _jC-12266 _bR.40247 |
||
| 999 |
_c104727 _d104727 |
||